000 01492nam a2200349 c 4500
001
003 DO-SdBNP
005 20221031115139.0
008 130906s2013 ck a ||| 000 f spa
015 _a
020 _a9789589827307
040 _aBPMSU
_bspa
_cBPMSU
080 _a
082 _a398.2098
_bM684c 20007
_222
245 0 0 _aMitos, cuentos y leyendas de Latinoamérica y el Caribe /
_cilustraciones Constanza Clocchiatti ; prólogo Isadora Norden ; dición María Amelia Macedo y Cecilia Repetti.
260 _aBogotá, Colombia :
_b:Babel Libros
_c2007
300 _a95 p. :
_bil. ;
_c20 cm.
490 0 _a
500 _3Edición Latinoamericana 25 Aniversario
505 0 _aPrólogo -- Argentina : El cuero del lago -- Brasil : Sopa de piedras -- Colombia : El hombre caimán -- Guatemala : El caballito de siete colores -- México : La mulata de Córdoba -- Nicaragua : El barco negro -- Perú : Naimlap, el hombre pájaro -- Puerto Rico : Guanina y Sotomayor -- República Dominicana : El hombre que robó los chivos -- Venezuela : Tía zorra y los peces
590 _6Inventariado, 2022/VM
650 4 _aMitología latinoamericana.
650 4 _aLeyendas latinoamericanas.
650 4 _aCuentos latinoamericanos.
700 1 _aClocchiatti, Constanza,
_eil.
_d
700 1 _aMacedo, María Amelia,
_eed.
700 1 _aRepetti, Cecilia,
_eed.
700 1 _aEntralgo, Beatriz
901 _a VMateo V. /Validado
942 _2ddc
_cBK
956 _a2
999 _c14320
_d14320